• 首页
  • 本馆介绍
  • 公告通知
  • 最新文献
  • 馆藏检索
  • 电子资源
  • 读者导购
  • 参考咨询
  • 我的图书馆
  • 登录
  • 详细信息显示
  • 放入我的书架
  • 预约/预借图书
  • 作者相关作品
  • 分类相关作品
  • 丛书相关作品
  • 出版社相关作品

书目信息

  • 表格格式
  • 工作单格式
  • 卡片格式
题名:
世界富豪全传
    
 
作者: 李湛 主编
分册: 第一册   美洲卷
出版信息: 哈尔滨   黑龙江人民出版社  2002
页数: 332页
开本: 20cm
丛书名:
单 册:
中图分类: K815.38
科图分类:
主题词: 企业家--传记--世界
电子资源:
ISBN: 7-207-05460-2
000 00611nam0 2200205 450
001 0658408922
005 20060314162325.62
010    @a7-207-05460-2@dCNY1280.00(全16册)
100    @a20060314d2002 km y0chiy0120 ea
101 0  @achi
102    @aCN@b230000
200 1  @a世界富豪全传@Ashi jie fu hao quan chuan@i美洲卷@h第一册@f李湛主编@Fli zhan zhu bian
210    @a哈尔滨@c黑龙江人民出版社@d2002
215    @a332页@d20cm
517 1  @a美洲卷@Amei zhou juan
606 0  @a企业家@x传记@y世界
690    @aK815.38@v4
701  0 @a李湛@Ali zhan@4主编
801  0 @aCN@bPFT@c20060314
905    @a10447@dK815.38@e83:1
    
    世界富豪全传.美洲卷.第一册/李湛主编.-哈尔滨:黑龙江人民出版社,2002
    332页;20cm
    
    
    ISBN 7-207-05460-2:CNY1280.00(全16册)
    
●
相关链接 在E读中查询图书 在五车中查询图书 在当当中查询图书 在豆瓣中查询图书


正题名:世界富豪全传     索取号:K815.38/83:1         预约/预借

序号 登录号 条形码 馆藏地/架位号 状态 备注
1 0349334   203493344   第二样本阅览室/ [索取号:K815.38/83:1] 在馆    
唐山师范学院图书馆 欢迎您!
大连网信软件有限公司© 版权所有